Pays d’Amérique du Nord - Click map - Statistiques

Statistiques générales
  • Ce quiz a été pris 70 fois
  • Le résultat moyen est 16 sur 23
Réponses sur la Carte
Les réponses sont colorées sur une échelle allant du rouge au vert en fonction du pourcentage des utilisateurs qui les ont devinées à leur premier essai. Vous pouvez retrouver ces pourcentages ci-dessous.
 
Statistiques - réponses
Réponse % Correct
États Unis
94%
Canada
92%
Mexique
83%
Bahamas
81%
Cuba
75%
Costa Rica
72%
Jamaïque
72%
Antigua-et-Barbuda
70%
Bélize
68%
Haïti
68%
Panama
68%
Guatemala
66%
République dominicaine
66%
Salvador
66%
Barbade
62%
Honduras
60%
Sainte-Lucie
58%
Trinité-Et-Tobago
58%
Saint-Christophe-
et-Niévès
57%
Saint-Vincent-et-les-
Grenadines
57%
Grenade
55%
Dominique
51%
Nicaragua
51%
Aucun quiz correspondant
Distribution des résultats
% des personnes avec chaque résultat
Percentile par nombre de réponses
Votre historique - résultats
Vous n’avez pas pris ce quiz